[Event "World Rapid 2015"]
[Site "Berlin GER"]
[Date "2015.10.10"]
[Round "5.61"]
[White "Kunin, Vitaly"]
[Black "Rasmussen, Allan Stig"]
[Result "1-0"]
[WhiteElo "2556"]
[BlackElo "2498"]
[PlyCount "95"]
[EventDate "2015.10.10"]
[EventType "rapid"]

1. d4 d5 2. Nf3 Nf6 3. c4 dxc4 4. e3 e6 5. Bxc4 a6 6. O-O c5 7. Qe2 b5 8. Bb3
Nc6 9. Rd1 c4 10. Bc2 Nb4 11. a4 Bb7 12. axb5 axb5 13. Rxa8 Qxa8 14. Nc3 Nxc2
15. Qxc2 Qa6 16. e4 b4 17. e5 bxc3 18. exf6 gxf6 19. Qxc3 Qa4 20. Rf1 Rg8 21.
Bf4 Bd5 22. Bg3 h5 23. Qe3 Rg4 24. h3 Re4 25. Qc1 Re2 26. Qf4 Rxb2 27. Qxf6 Qb4
28. Ne5 Qe7 29. Qf4 c3 30. Nd3 Rb7 31. Ra1 Qd8 32. Rc1 Qa5 33. Kh2 Be7 34. Qh6
Qa3 35. Qh8+ Bf8 36. Bf4 f6 37. Nc5 Rf7 38. Qxh5 Bxc5 39. dxc5 Qxc5 40. Bg3 e5
41. Qe2 Rc7 42. Qh5+ Bf7 43. Qh8+ Ke7 44. Bh4 Rc6 45. Rd1 Rd6 46. Bxf6+ Rxf6
47. Qd8+ Ke6 48. Qd7# 1-0

[Event "World Rapid 2015"]
[Site "Berlin GER"]
[Date "2015.10.10"]
[Round "5.62"]
[White "Zhang, Zhong"]
[Black "Carstensen, Jacob"]
[Result "1-0"]
[WhiteElo "2619"]
[BlackElo "2352"]
[PlyCount "43"]
[EventDate "2015.10.10"]
[EventType "rapid"]

1. e4 e5 2. Nf3 Nf6 3. Nxe5 d6 4. Nf3 Nxe4 5. d4 d5 6. Bd3 Nc6 7. O-O Be7 8. c4
Nb4 9. Be2 O-O 10. Nc3 Bf5 11. a3 Nxc3 12. bxc3 Nc6 13. cxd5 Qxd5 14. Bf4 Qa5
15. c4 Bf6 16. Ra2 Be4 17. Be3 Bxf3 18. Bxf3 Nxd4 19. Bxd4 Rad8 20. Rd2 c5 21.
Be3 Qxa3 22. Bxb7 1-0

[Event "World Rapid 2015"]
[Site "Berlin GER"]
[Date "2015.10.10"]
[Round "5.63"]
[White "Pavlovic, Milos"]
[Black "Zepeda, Lorena"]
[Result "1-0"]
[WhiteElo "2481"]
[BlackElo "2106"]
[PlyCount "89"]
[EventDate "2015.10.10"]
[EventType "rapid"]

1. c4 Nf6 2. g3 g6 3. Bg2 Bg7 4. Nc3 O-O 5. d4 d6 6. h3 Nbd7 7. Nf3 e5 8. O-O
exd4 9. Nxd4 Re8 10. Re1 a6 11. b3 Rb8 12. Rb1 Nc5 13. e4 Bd7 14. b4 Ne6 15.
Nf3 h5 16. Bb2 Qc8 17. Nd5 Nh7 18. Bxg7 Kxg7 19. Qd2 f6 20. Kh2 Bc6 21. Rbc1
Qd7 22. Nh4 Nd8 23. f4 Nf7 24. Qd3 Nf8 25. Nf3 Bxd5 26. cxd5 c6 27. dxc6 bxc6
28. a3 a5 29. bxa5 Ra8 30. Qc3 Qc7 31. Nd4 Rxa5 32. a4 Rea8 33. Nb5 Qd7 34.
Qxc6 Qxc6 35. Rxc6 Rxa4 36. Rc7 Ne6 37. Re7 Nd4 38. Nxd4 Rxd4 39. e5 Ra2 40. e6
Rdd2 41. Rxf7+ Kg8 42. Rg1 f5 43. Rd7 Kf8 44. Kh1 Ke8 45. Rb1 1-0

[Event "World Rapid 2015"]
[Site "Berlin GER"]
[Date "2015.10.10"]
[Round "5.64"]
[White "Ladva, Ottomar"]
[Black "Ghaem Maghami, Ehsan"]
[Result "0-1"]
[WhiteElo "2423"]
[BlackElo "2596"]
[PlyCount "126"]
[EventDate "2015.10.10"]
[EventType "rapid"]

1. d4 Nf6 2. c4 e6 3. Nc3 Bb4 4. Qc2 O-O 5. Nf3 d6 6. e3 b6 7. Bd3 Bb7 8. O-O
Nbd7 9. Ne4 Nxe4 10. Bxe4 Bxe4 11. Qxe4 d5 12. Qc2 Bd6 13. e4 dxe4 14. Qxe4 c5
15. b3 cxd4 16. Qxd4 Be7 17. Bb2 Bf6 18. Qd2 Nc5 19. Qxd8 Rfxd8 20. Bxf6 gxf6
21. Rfd1 Kf8 22. Nd4 Rac8 23. Kf1 Ke7 24. Ke2 a5 25. f3 f5 26. Rd2 h5 27. Rad1
Rg8 28. Kf2 h4 29. Ne2 Rc7 30. Rd4 Rh8 31. Nf4 Rd7 32. Rxd7+ Nxd7 33. Nd3 Rc8
34. Rd2 a4 35. Ke3 Nc5 36. b4 Nd7 37. Kd4 Kd6 38. a3 e5+ 39. Kc3 Ke6 40. b5 Nc5
41. Nxc5+ bxc5 42. Rd5 f4 43. Kd3 f6 44. Ke2 Rc7 45. Kf2 Rc8 46. g3 h3 47. gxf4
exf4 48. Rh5 f5 49. Rxh3 Ke5 50. Rh7 Kd4 51. Rh4 Kxc4 52. Rxf4+ Kb3 53. Rxf5
Kxa3 54. b6 Kb4 55. Rf6 Rb8 56. h4 a3 57. b7 Kb5 58. Re6 a2 59. Re1 Rxb7 60.
Ra1 Ra7 61. h5 Kb4 62. Kg3 Kb3 63. Kg4 c4 0-1

[Event "World Rapid 2015"]
[Site "Berlin GER"]
[Date "2015.10.10"]
[Round "5.66"]
[White "Polzin, Rainer"]
[Black "Stern, Rene"]
[Result "0-1"]
[WhiteElo "2416"]
[BlackElo "2538"]
[PlyCount "78"]
[EventDate "2015.10.10"]
[EventType "rapid"]

1. e4 e5 2. Nf3 Nc6 3. Bb5 a6 4. Ba4 Nf6 5. O-O Be7 6. Qe2 b5 7. Bb3 O-O 8. c3
d6 9. Rd1 Na5 10. Bc2 c5 11. d4 Qc7 12. d5 Bd7 13. Nbd2 c4 14. Nf1 Nb7 15. Ng3
Nc5 16. h3 Rfb8 17. Bg5 Qd8 18. Be3 Rc8 19. b4 cxb3 20. axb3 a5 21. b4 Na4 22.
Bxa4 bxa4 23. b5 Rxc3 24. Nd2 Rb8 25. Rdb1 Qc8 26. b6 Bd8 27. Kh2 g6 28. Rb2 a3
29. Rbb1 h5 30. Ngf1 h4 31. f3 Nh5 32. Qf2 Nf4 33. Bxf4 exf4 34. Qd4 Rc5 35. e5
Bf5 36. b7 Rxb7 37. Rxb7 Qxb7 38. exd6 Qxd5 39. Qxf4 Bf6 0-1

[Event "World Rapid 2015"]
[Site "Berlin GER"]
[Date "2015.10.10"]
[Round "5.67"]
[White "Papin, Vasily"]
[Black "Gutov, Andrey"]
[Result "1-0"]
[WhiteElo "2502"]
[BlackElo "2384"]
[PlyCount "55"]
[EventDate "2015.10.10"]
[EventType "rapid"]

1. c4 e5 2. g3 Nf6 3. Bg2 c6 4. d4 exd4 5. Qxd4 d5 6. Nf3 Be7 7. O-O O-O 8.
cxd5 Qxd5 9. Qa4 Qe4 10. Nd4 Qg4 11. e4 Qh5 12. Nc3 Na6 13. f3 Bc5 14. Be3 Rd8
15. Rad1 Bh3 16. Bf2 Bxg2 17. Kxg2 Nc7 18. g4 Qe5 19. Bg3 Qxd4 20. Rxd4 Rxd4
21. Qc2 Rad8 22. Ne2 Rd2 23. Qxc5 Rxe2+ 24. Rf2 Rxf2+ 25. Kxf2 Nce8 26. g5 Nh5
27. Qe7 Rc8 28. Qxb7 1-0

[Event "World Rapid 2015"]
[Site "Berlin GER"]
[Date "2015.10.10"]
[Round "5.68"]
[White "Al-Sayed, Mohammed"]
[Black "Abel, Dennes"]
[Result "1-0"]
[WhiteElo "2520"]
[BlackElo "2441"]
[PlyCount "55"]
[EventDate "2015.10.10"]
[EventType "rapid"]

1. d4 d5 2. c4 c6 3. Nc3 Nf6 4. e3 e6 5. Nf3 Nbd7 6. Qc2 Bd6 7. Bd3 O-O 8. O-O
dxc4 9. Bxc4 a6 10. Rd1 b5 11. Bb3 Qc7 12. e4 e5 13. dxe5 Nxe5 14. Nxe5 Bxe5
15. h3 Bb7 16. Be3 Bxc3 17. bxc3 c5 18. Bd5 Nxd5 19. exd5 Rfd8 20. c4 bxc4 21.
Qxc4 Qe5 22. Qxc5 Bxd5 23. Rd4 Rac8 24. Qa5 Rd7 25. Rad1 Rcd8 26. Bf4 Qe6 27.
Bc7 Qg6 28. Rxd5 1-0

[Event "World Rapid 2015"]
[Site "Berlin GER"]
[Date "2015.10.10"]
[Round "5.69"]
[White "Stefansson, Hannes"]
[Black "Meister, Jakob"]
[Result "1-0"]
[WhiteElo "2602"]
[BlackElo "2437"]
[PlyCount "59"]
[EventDate "2015.10.10"]
[EventType "rapid"]

1. d4 e6 2. g3 c5 3. Nf3 b6 4. e4 cxd4 5. Nxd4 Bb7 6. Bg2 Nf6 7. Nc3 Bb4 8. O-O
Bxc3 9. bxc3 Bxe4 10. Ba3 Bxg2 11. Kxg2 d5 12. Re1 Na6 13. Nf5 Nc5 14. Nxg7+
Kd7 15. c4 Kc6 16. Qf3 Rg8 17. Bb2 Nce4 18. cxd5+ exd5 19. Nf5 Kb7 20. c4 Nd2
21. Qf4 Nfe4 22. cxd5 Qxd5 23. Ne7 Qb5 24. Nxg8 Qxb2 25. Nh6 Ka6 26. Rad1 Rd8
27. Rxe4 Qc2 28. Ree1 Qc6+ 29. Kh3 Rd4 30. Qxd4 1-0

[Event "World Rapid 2015"]
[Site "Berlin GER"]
[Date "2015.10.10"]
[Round "5.70"]
[White "Tari, Aryan"]
[Black "Carow, Johannes"]
[Result "1-0"]
[WhiteElo "2521"]
[BlackElo "2431"]
[PlyCount "97"]
[EventDate "2015.10.10"]
[EventType "rapid"]

1. d4 Nf6 2. c4 g6 3. Nc3 d5 4. Nf3 Bg7 5. cxd5 Nxd5 6. Na4 O-O 7. e4 Nb6 8.
Be3 N8d7 9. Nc3 c6 10. Be2 e5 11. d5 cxd5 12. Nxd5 Nxd5 13. Qxd5 Nf6 14. Qxd8
Rxd8 15. Nd2 Ng4 16. Bc5 Be6 17. f3 Nf6 18. Be3 Rac8 19. Bd1 Bf8 20. Ke2 Bc5
21. Bb3 Bxe3 22. Kxe3 Bxb3 23. axb3 Rc2 24. Nc4 a6 25. g4 b5 26. Nxe5 Rxb2 27.
Rxa6 Rxb3+ 28. Kf4 Ne8 29. g5 Ng7 30. Kg4 Nh5 31. Rha1 Rb2 32. Ra8 Rg2+ 33. Kh3
Nf4+ 34. Kh4 Rgd2 35. Rxd8+ Rxd8 36. Ra7 Rf8 37. Kg4 Nh5 38. Nd7 f5+ 39. gxf6
Nxf6+ 40. Nxf6+ Rxf6 41. Rb7 Rc6 42. e5 Rc5 43. f4 h6 44. h4 Kf8 45. h5 g5 46.
fxg5 hxg5 47. h6 Kg8 48. e6 Re5 49. e7 1-0

[Event "World Rapid 2015"]
[Site "Berlin GER"]
[Date "2015.10.10"]
[Round "5.71"]
[White "Bruedigam, Martin"]
[Black "Hasangatin, Ramil"]
[Result "1/2-1/2"]
[WhiteElo "2375"]
[BlackElo "2509"]
[PlyCount "96"]
[EventDate "2015.10.10"]
[EventType "rapid"]

1. e4 d5 2. exd5 Qxd5 3. Nf3 Bg4 4. Be2 Nc6 5. d4 O-O-O 6. c4 Qf5 7. Be3 Bxf3
8. Bxf3 Nxd4 9. Bg4 Nc2+ 10. Qxc2 Qxg4 11. O-O Qg6 12. Qa4 Qa6 13. Qxa6 bxa6
14. Bxa7 e6 15. Nc3 Ne7 16. Rad1 Rxd1 17. Rxd1 Nc6 18. Be3 Be7 19. Kf1 Bf6 20.
Na4 Rd8 21. Rxd8+ Nxd8 22. b3 Nb7 23. Ke2 Be7 24. Kd3 c5 25. Bf4 Kd7 26. Be5 f6
27. Bc3 Bd6 28. a3 a5 29. h3 Kc6 30. Ke3 Bc7 31. g4 e5 32. f3 g6 33. b4 axb4
34. axb4 cxb4 35. Bxb4 f5 36. Nc3 Bd6 37. Bxd6 Nxd6 38. Kd3 Kc5 39. Nd5 Nxc4
40. Nf6 h6 41. gxf5 gxf5 42. Ng8 h5 43. h4 Nd6 44. Nf6 e4+ 45. fxe4 fxe4+ 46.
Nxe4+ Kd5 47. Nxd6 Kxd6 48. Kd4 Ke6 1/2-1/2

[Event "World Rapid 2015"]
[Site "Berlin GER"]
[Date "2015.10.10"]
[Round "5.72"]
[White "Seel, Christian"]
[Black "Ben Artzi, Ido"]
[Result "1-0"]
[WhiteElo "2474"]
[BlackElo "2419"]
[PlyCount "113"]
[EventDate "2015.10.10"]
[EventType "rapid"]

1. Nf3 g6 2. e4 d6 3. c4 Bg4 4. Qb3 Qc8 5. d4 Bg7 6. Be3 Nc6 7. Nbd2 e5 8. dxe5
dxe5 9. h3 Bxf3 10. Nxf3 Nd4 11. Bxd4 exd4 12. c5 Nh6 13. g4 Qe6 14. O-O-O
O-O-O 15. Nd2 Qxb3 16. axb3 Rhe8 17. Bc4 f5 18. g5 Ng8 19. exf5 gxf5 20. Rde1
Re5 21. Rxe5 Bxe5 22. Be6+ Kb8 23. Bxf5 h6 24. g6 Bf4 25. Kc2 Rd5 26. Re1 Rxc5+
27. Kd3 Re5 28. Rxe5 Bxe5 29. Nf3 Bf6 30. Nxd4 c6 31. Ne6 Kc8 32. g7 Kd7 33.
Nf4+ Ke7 34. Be6 Bxg7 35. Bxg8 Bxb2 36. Ke4 Kf6 37. Be6 Bc1 38. Bc8 b6 39. Nd3
Ba3 40. Bb7 c5 41. Ba6 Ke6 42. f4 Kf6 43. Ne5 Bc1 44. Nc6 Ke6 45. Nxa7 Kd7 46.
Bc4 Kc7 47. Bd5 Kd7 48. Nb5 Ke7 49. Kf5 Bd2 50. h4 Be3 51. h5 Bd2 52. Bc4 Kd7
53. Ke5 Ke7 54. f5 Bg5 55. Nc7 Bf6+ 56. Ke4 Kd6 57. Ne8+ 1-0

[Event "World Rapid 2015"]
[Site "Berlin GER"]
[Date "2015.10.10"]
[Round "5.73"]
[White "Choukri, Adel"]
[Black "Sanal, Vahap"]
[Result "0-1"]
[WhiteElo "2199"]
[BlackElo "2501"]
[PlyCount "56"]
[EventDate "2015.10.10"]
[EventType "rapid"]

1. e4 g6 2. d4 Bg7 3. Nc3 d6 4. Bg5 a6 5. Qd2 Nd7 6. Bc4 h6 7. Bh4 g5 8. Bg3 b5
9. Bb3 e6 10. a4 b4 11. Nce2 a5 12. f4 Bb7 13. Qe3 Ngf6 14. d5 Nc5 15. O-O-O
Nfxe4 16. dxe6 fxe6 17. Nf3 Qf6 18. Nfd4 Nxb3+ 19. Qxb3 Bd5 20. Qd3 c5 21. Qb5+
Ke7 22. fxg5 Qxg5+ 23. Bf4 Qf6 24. Rhf1 cxd4 25. Qb6 e5 26. Qc7+ Ke8 27. Bg3
Qe7 28. Qb6 Qb7 0-1

[Event "World Rapid 2015"]
[Site "Berlin GER"]
[Date "2015.10.10"]
[Round "5.74"]
[White "Wagner, Dennis"]
[Black "Cordeiro, Marco Aurelio Zaror"]
[Result "1-0"]
[WhiteElo "2575"]
[BlackElo "2228"]
[PlyCount "51"]
[EventDate "2015.10.10"]
[EventType "rapid"]

1. d4 Nf6 2. c4 e6 3. Nf3 Bb4+ 4. Nbd2 d5 5. Qa4+ Nc6 6. e3 O-O 7. a3 Be7 8.
Bd3 a6 9. Qc2 Na5 10. e4 dxc4 11. Nxc4 Nxc4 12. Qxc4 b5 13. Qc2 h6 14. Bf4 Ne8
15. O-O Bb7 16. Rfd1 Rc8 17. b4 c6 18. Qe2 f6 19. Bc2 Qb6 20. Bb3 Nc7 21. Bxc7
Rxc7 22. Bxe6+ Kh8 23. Nh4 Rd8 24. Qh5 Bf8 25. Ng6+ Kh7 26. Qf5 1-0

[Event "World Rapid 2015"]
[Site "Berlin GER"]
[Date "2015.10.10"]
[Round "5.75"]
[White "Thornton, Giovanni Antonio"]
[Black "Schneider, Ilja"]
[Result "0-1"]
[WhiteElo "2207"]
[BlackElo "2481"]
[PlyCount "50"]
[EventDate "2015.10.10"]
[EventType "rapid"]

1. d4 d5 2. Nf3 Nf6 3. c4 c6 4. e3 Bf5 5. Nc3 e6 6. Bd3 Bg6 7. O-O Nbd7 8. Re1
Bb4 9. cxd5 exd5 10. Bxg6 hxg6 11. Bd2 O-O 12. Rc1 Re8 13. Qb3 Bxc3 14. Bxc3
Qb6 15. Qa3 a5 16. Qd6 Re6 17. Qa3 Ne4 18. Nd2 Ndf6 19. Nxe4 Nxe4 20. Re2 g5
21. Be1 g4 22. Qd3 Rae8 23. f4 gxf3 24. gxf3 Ng5 25. f4 Nh3+ 0-1

[Event "World Rapid 2015"]
[Site "Berlin GER"]
[Date "2015.10.10"]
[Round "5.76"]
[White "Berend, Elvira"]
[Black "Carlstedt, Jonathan"]
[Result "1-0"]
[WhiteElo "2370"]
[BlackElo "2442"]
[PlyCount "57"]
[EventDate "2015.10.10"]
[EventType "rapid"]

1. d4 Nf6 2. c4 e6 3. Nc3 Bb4 4. a3 Bxc3+ 5. bxc3 c5 6. e3 O-O 7. Bd3 Nc6 8.
Ne2 e5 9. d5 Na5 10. e4 b6 11. Ng3 d6 12. O-O h6 13. f4 exf4 14. Bxf4 Re8 15.
h3 Nb7 16. Ra2 Nd7 17. Raf2 Rf8 18. Nf5 Ne5 19. Bxe5 dxe5 20. Nxh6+ gxh6 21.
Rf6 Kg7 22. Qf3 Nd6 23. Qg3+ Kh7 24. Qh4 Rh8 25. Qxh6+ Kg8 26. Qg5+ Kf8 27.
Rxf7+ Ke8 28. Qg7 Qh4 29. Rf8+ 1-0

[Event "World Rapid 2015"]
[Site "Berlin GER"]
[Date "2015.10.10"]
[Round "5.77"]
[White "Camacho Collados, Jose"]
[Black "Petursson, Margeir"]
[Result "1-0"]
[WhiteElo "2383"]
[BlackElo "2520"]
[PlyCount "83"]
[EventDate "2015.10.10"]
[EventType "rapid"]

1. e4 c5 2. Nf3 d6 3. Bb5+ Nc6 4. O-O Bd7 5. c3 Nf6 6. Re1 a6 7. Bf1 Bg4 8. Na3
g6 9. h3 Bxf3 10. Qxf3 Bg7 11. Nc2 Qb6 12. b3 O-O 13. Bb2 Nd7 14. Qe3 Rac8 15.
Rac1 Rc7 16. Na3 Qa7 17. Qg5 b5 18. Nc2 b4 19. Ne3 e6 20. Qg3 Rd8 21. a3 bxc3
22. Bxc3 Nf6 23. Qh4 Nd4 24. Ng4 h5 25. Nxf6+ Kf8 26. Nxh5 Rb8 27. Nxg7 Kxg7
28. Bxd4+ cxd4 29. Rxc7 Qxc7 30. Bc4 Qc5 31. a4 Qa5 32. Qf4 g5 33. Qxd6 Qxd2
34. Rf1 Rh8 35. Qe5+ Kg8 36. Bxa6 Rh4 37. Bd3 g4 38. Qg3 Qh6 39. f4 Kh8 40. Rc1
e5 41. Rc8+ Kh7 42. fxe5 1-0

[Event "World Rapid 2015"]
[Site "Berlin GER"]
[Date "2015.10.10"]
[Round "5.78"]
[White "Thiede, Lars"]
[Black "Osmanodja, Filiz"]
[Result "1/2-1/2"]
[WhiteElo "2437"]
[BlackElo "2291"]
[PlyCount "110"]
[EventDate "2015.10.10"]
[EventType "rapid"]

1. Nf3 Nf6 2. g3 b5 3. Bg2 Bb7 4. O-O e6 5. d3 d5 6. Nbd2 c5 7. e4 Nc6 8. exd5
exd5 9. Re1+ Be7 10. d4 O-O 11. dxc5 Bxc5 12. Nb3 Bb6 13. Be3 Re8 14. Nfd4 Nxd4
15. Bxd4 Ne4 16. Qd3 Rc8 17. c3 Rc4 18. f3 Bxd4+ 19. Nxd4 Nd6 20. Rxe8+ Qxe8
21. Kf2 b4 22. cxb4 Qe5 23. Rd1 Rxb4 24. b3 Ba6 25. Qd2 Rb7 26. Re1 Qf6 27. Kg1
Re7 28. Rxe7 Qxe7 29. Kf2 Nb5 30. Nxb5 Bxb5 31. g4 Qc5+ 32. Kg3 d4 33. Qf4 g5
34. Qb8+ Kg7 35. h4 gxh4+ 36. Kxh4 d3 37. Qf4 Qd5 38. Qd2 Qe5 39. Bf1 Qd4 40.
Kg3 Qg1+ 41. Bg2 Qc5 42. Bf1 f6 43. Qe1 Qd6+ 44. Kf2 d2 45. Qd1 Bxf1 46. Kxf1
Qh2 47. b4 Kg6 48. Qc2+ Kh6 49. Qd1 Kg5 50. Qe2 Qh1+ 51. Kf2 d1=Q 52. Qe3+ Kg6
53. Qe8+ Kg7 54. Qe7+ Kg6 55. Qe8+ Kg7 1/2-1/2

[Event "World Rapid 2015"]
[Site "Berlin GER"]
[Date "2015.10.10"]
[Round "5.79"]
[White "Lagunow, Raphael"]
[Black "Hilverda, Alexander"]
[Result "1/2-1/2"]
[WhiteElo "2164"]
[BlackElo "2384"]
[PlyCount "89"]
[EventDate "2015.10.10"]
[EventType "rapid"]

1. e4 c5 2. c3 Nf6 3. e5 Nd5 4. Bc4 Nb6 5. Bb3 Nc6 6. Nf3 g6 7. d4 cxd4 8. cxd4
Bg7 9. O-O O-O 10. Nc3 d6 11. exd6 Qxd6 12. Ne4 Qd8 13. Be3 Bg4 14. Rc1 Rc8 15.
Nc5 Bxf3 16. Qxf3 Nxd4 17. Bxd4 Qxd4 18. Nxb7 Rxc1 19. Rxc1 Qxb2 20. Re1 Qf6
21. Qxf6 Bxf6 22. Rd1 e6 23. g3 Rc8 24. Nd6 Rc6 25. Nb5 a6 26. Rd6 Rc1+ 27. Kg2
axb5 28. Rxb6 Rc5 29. Rb7 Bd4 30. f4 Bc3 31. Kf3 b4 32. Ke2 Rc6 33. Rd7 Kg7 34.
Kf3 Kf6 35. g4 h6 36. h3 Bb2 37. Rb7 Rc3+ 38. Kg2 Ba3 39. h4 Re3 40. Kf2 Re4
41. Kf3 Re1 42. Kf2 Re4 43. Kf3 Re1 44. Kf2 Re4 45. Kf3 1/2-1/2

[Event "World Rapid 2015"]
[Site "Berlin GER"]
[Date "2015.10.11"]
[Round "6.15"]
[White "Matlakov, Maxim"]
[Black "Socko, Bartosz"]
[Result "1-0"]
[WhiteElo "2689"]
[BlackElo "2599"]
[PlyCount "97"]
[EventDate "2015.10.10"]
[EventType "rapid"]

1. d4 Nf6 2. c4 e6 3. g3 Bb4+ 4. Bd2 Qe7 5. Bg2 Nc6 6. e3 d5 7. Ne2 O-O 8. O-O
dxc4 9. Qc2 Na5 10. a3 Bxd2 11. Nxd2 c6 12. Qc3 Nb3 13. Nxb3 cxb3 14. Rfd1 a5
15. Qxb3 e5 16. dxe5 Qxe5 17. Nf4 a4 18. Qb4 Ra5 19. Rd2 h6 20. Rad1 Rb5 21.
Qxa4 Bg4 22. Rc1 Bf5 23. b4 Ne4 24. Rd4 Re8 25. Qb3 Qf6 26. Rcd1 Rbe5 27. f3
Nxg3 28. hxg3 Rxe3 29. Qc4 Rxa3 30. Rd6 Qg5 31. Kh2 h5 32. Nh3 Qe7 33. Qf4 Bxh3
34. Kxh3 Ra2 35. R1d2 Rxd2 36. Qxd2 g6 37. f4 Ra8 38. Qd4 Kh7 39. f5 gxf5 40.
Qf4 Rh8 41. Qxf5+ Kg7 42. Rd7 Qf6 43. Qxf6+ Kxf6 44. Rxb7 Rc8 45. Rb6 Kg5 46.
Rxc6 Rb8 47. Rc5+ f5 48. b5 Re8 49. b6 1-0

[Event "World Rapid 2015"]
[Site "Berlin GER"]
[Date "2015.10.11"]
[Round "6.22"]
[White "Inarkiev, Ernesto"]
[Black "Petrosian, Tigran L"]
[Result "1-0"]
[WhiteElo "2660"]
[BlackElo "2625"]
[PlyCount "125"]
[EventDate "2015.10.10"]
[EventType "rapid"]

1. d4 d6 2. Nf3 Bg4 3. e3 Nf6 4. c4 e6 5. Nc3 Be7 6. h3 Bh5 7. Be2 Nbd7 8. e4
e5 9. Be3 Bg6 10. Qc2 exd4 11. Nxd4 Nc5 12. f3 Nh5 13. O-O-O Bg5 14. Qd2 Bxe3
15. Qxe3 Ng3 16. Rhe1 O-O 17. f4 Nxe2+ 18. Rxe2 f5 19. exf5 Bxf5 20. g4 Bd7 21.
f5 Re8 22. Qf4 Rxe2 23. Ndxe2 Qe7 24. Ng3 Bc6 25. g5 Re8 26. Kd2 Qe5 27. Rf1
Bg2 28. Qxe5 Rxe5 29. Rf4 Bxh3 30. b4 Nd7 31. Nb5 g6 32. Nxc7 gxf5 33. Nb5 d5
34. c5 Nf8 35. Nxa7 Ng6 36. Rf2 Bg4 37. c6 bxc6 38. Nxc6 Re6 39. b5 f4 40. Ne2
Re4 41. Nc3 Rc4 42. Nxd5 Kg7 43. Kd3 Ra4 44. b6 Bc8 45. Nd8 Ne5+ 46. Kc3 Rc4+
47. Kb3 Rd4 48. b7 Rd3+ 49. Kc2 Bxb7 50. Nxf4 Rf3 51. Re2 Rxf4 52. Ne6+ Kg6 53.
Nxf4+ Kf5 54. Nh3 Bf3 55. Re3 Bc6 56. Kc3 Nd7 57. Re7 Nc5 58. Rc7 Ne4+ 59. Kd4
Ba4 60. Rxh7 Nd6 61. Rh4 Bd1 62. Rf4+ Ke6 63. Rf6+ 1-0

[Event "World Rapid 2015"]
[Site "Berlin GER"]
[Date "2015.10.11"]
[Round "6.24"]
[White "Riazantsev, Alexander"]
[Black "Bachmann, Axel"]
[Result "1-0"]
[WhiteElo "2646"]
[BlackElo "2593"]
[PlyCount "147"]
[EventDate "2015.10.10"]
[EventType "rapid"]

1. d4 g6 2. c4 Bg7 3. e4 d6 4. Nc3 e5 5. d5 f5 6. exf5 gxf5 7. Qh5+ Kf8 8. Bd3
Ne7 9. Bg5 Qe8 10. Qxe8+ Kxe8 11. f3 Na6 12. Nge2 Bd7 13. O-O-O Nb4 14. Bb1 a5
15. Rhg1 h5 16. g3 Kf7 17. h3 Rag8 18. h4 Bh6 19. f4 e4 20. a3 Na6 21. Bc2 Bg7
22. Nd4 Nc8 23. a4 Nc5 24. Ndb5 Na6 25. Nd4 Nb4 26. Ndb5 Nb6 27. b3 Na6 28. Kb1
Re8 29. Rg2 Bxb5 30. Nxb5 Nd7 31. Re2 Ndc5 32. Re3 Rh7 33. Rd2 Bh8 34. Rd1 Kg6
35. Rd2 Rd7 36. Rd1 Nb4 37. Rd2 Bg7 38. Rd1 Bh8 39. Rd2 Bg7 40. Rd1 Bf8 41. Rd2
c6 42. Na3 Bg7 43. Rd1 Rc8 44. Rd2 Bf8 45. Bd1 Rdc7 46. Bc2 cxd5 47. cxd5 Ncd3
48. Nc4 Bg7 49. Bxd3 Nxd3 50. Rdxd3 exd3 51. Rxd3 b5 52. axb5 a4 53. b6 Rc5 54.
b7 Re8 55. Be7 Rc7 56. b8=Q Rxb8 57. Bxd6 Rxb3+ 58. Rxb3 Rxc4 59. Rb6 Kf7 60.
Rb7+ Kg6 61. Be5 Bf8 62. d6 Rc8 63. d7 Rd8 64. Bd4 Be7 65. Bb6 Ra8 66. Ka2 Kf6
67. Rc7 Rb8 68. Bd4+ Ke6 69. Rc8 Rb3 70. d8=Q Bxd8 71. Rxd8 Rxg3 72. Be5 Rg4
73. Rd6+ Ke7 74. Rh6 1-0

[Event "World Rapid 2015"]
[Site "Berlin GER"]
[Date "2015.10.11"]
[Round "6.27"]
[White "Savchenko, Boris"]
[Black "Motylev, Alexander"]
[Result "1-0"]
[WhiteElo "2567"]
[BlackElo "2649"]
[PlyCount "105"]
[EventDate "2015.10.10"]
[EventType "rapid"]

1. e4 c6 2. Nf3 d5 3. Nc3 Bg4 4. h3 Bxf3 5. Qxf3 Nf6 6. g3 dxe4 7. Nxe4 Nxe4 8.
Qxe4 Qd5 9. f3 e6 10. d4 Bd6 11. Kf2 Nd7 12. c3 Nf6 13. Qxd5 cxd5 14. Bd3 Ke7
15. Re1 a6 16. a4 Kd7 17. a5 Nh5 18. Rg1 g6 19. b3 f5 20. c4 Nf6 21. Bb2 h5 22.
c5 Bc7 23. b4 g5 24. h4 g4 25. f4 Ne4+ 26. Kg2 Ra7 27. Rgc1 Rha8 28. Rc2 Bd8
29. Rac1 Kc6 30. Rd1 Be7 31. Bc3 Rd8 32. Be1 Bf6 33. Ra2 Raa8 34. Bc2 Kc7 35.
Ba4 Rdc8 36. Kf1 Kd8 37. Ke2 Ra7 38. Kd3 Kc7 39. Rb1 Bd8 40. b5 axb5 41. Bxb5
Rca8 42. Rab2 Rxa5 43. Bxa5+ Rxa5 44. Be8 Ra3+ 45. Kc2 Ra7 46. Rb6 Bf6 47. R1b4
Nxg3 48. c6 bxc6 49. Rxc6+ Kd8 50. Rxe6 Ne4 51. Bxh5 Rc7+ 52. Kd1 Bxd4 53. Rxd4
1-0

[Event "World Rapid 2015"]
[Site "Berlin GER"]
[Date "2015.10.11"]
[Round "6.28"]
[White "Hausrath, Daniel"]
[Black "Akopian, Vladimir"]
[Result "0-1"]
[WhiteElo "2503"]
[BlackElo "2648"]
[PlyCount "80"]
[EventDate "2015.10.10"]
[EventType "rapid"]

1. Nf3 c5 2. c4 Nc6 3. g3 Nf6 4. Bg2 d6 5. d4 cxd4 6. Nxd4 Bd7 7. O-O g6 8. b3
Bg7 9. Bb2 h5 10. Nc3 h4 11. Nxc6 Bxc6 12. Nd5 Kf8 13. Nxf6 Bxf6 14. Bxf6 exf6
15. e4 hxg3 16. hxg3 Kg7 17. Qd4 Qa5 18. Bf3 Rh6 19. Qxd6 Rah8 20. Rfe1 Qf5 21.
Qf4 Qxf4 22. gxf4 Rh4 23. Kg2 Rxf4 24. Kg3 Rhh4 25. Re3 f5 26. Rh1 Rxf3+ 27.
Kxh4 Rxf2 28. Kg3 Rxa2 29. Rhe1 Bxe4 30. R1e2 Ra3 31. b4 Ra4 32. Rb2 g5 33. Kf2
a6 34. Re1 Kf6 35. c5 Ke5 36. Rd1 g4 37. Rd7 Kf4 38. Rxf7 g3+ 39. Ke2 g2 40.
Rg7 Ra1 0-1

[Event "World Rapid 2015"]
[Site "Berlin GER"]
[Date "2015.10.11"]
[Round "6.31"]
[White "Vitiugov, Nikita"]
[Black "Agdestein, Simen"]
[Result "0-1"]
[WhiteElo "2725"]
[BlackElo "2606"]
[PlyCount "94"]
[EventDate "2015.10.10"]
[EventType "rapid"]

1. d4 e6 2. c4 f5 3. g3 Nf6 4. Bg2 c6 5. Nf3 d5 6. O-O Bd6 7. b3 Qe7 8. Bb2 b6
9. Ne5 Bb7 10. Qc2 O-O 11. cxd5 cxd5 12. Nc3 Rc8 13. Qd3 Nc6 14. Nxc6 Rxc6 15.
Nb5 Ba6 16. Rfc1 Rac8 17. e3 Rxc1+ 18. Rxc1 Rxc1+ 19. Bxc1 Bxb5 20. Qxb5 Qc7
21. Bd2 Qc2 22. Be1 Qb1 23. Kf1 Kf7 24. a4 a5 25. Ke2 Qc2+ 26. Kf1 Qd1 27. f3
Bb4 28. Qe2 Qxb3 29. Bxb4 axb4 30. Qb5 Qc4+ 31. Ke1 Qc1+ 32. Kf2 Qc2+ 33. Kg1
b3 34. Bf1 b2 35. Bd3 Qd2 36. g4 fxg4 37. fxg4 Qxe3+ 38. Kg2 Qxd4 39. h3 h6 40.
a5 Ne4 41. Qd7+ Kf6 42. Qd8+ Kg6 43. Qe8+ Kg5 44. Qe7+ Qf6 45. h4+ Kxh4 46.
Qxf6+ gxf6 47. a6 Nc5 0-1

[Event "World Rapid 2015"]
[Site "Berlin GER"]
[Date "2015.10.11"]
[Round "6.32"]
[White "Bartel, Mateusz"]
[Black "Bocharov, Dmitry"]
[Result "0-1"]
[WhiteElo "2622"]
[BlackElo "2560"]
[PlyCount "88"]
[EventDate "2015.10.10"]
[EventType "rapid"]

1. e4 c5 2. Nf3 d6 3. Bb5+ Nd7 4. O-O a6 5. Bd3 Ngf6 6. Re1 b5 7. c4 g5 8. e5
Nxe5 9. Nxe5 dxe5 10. Bf1 b4 11. d3 g4 12. a3 e6 13. axb4 cxb4 14. Bg5 Rg8 15.
Be3 Bd6 16. Nd2 a5 17. Nb3 Bb7 18. d4 exd4 19. Nxd4 Ne4 20. Qa4+ Kf8 21. Bh6+
Rg7 22. Bxg7+ Kxg7 23. Rxe4 Bxe4 24. Rd1 Qb6 25. b3 Bc5 26. Qa1 Kg8 27. Nb5
Bxf2+ 28. Kh1 Rd8 29. Be2 g3 30. Bf3 Bg6 31. Qc1 Rxd1+ 32. Qxd1 gxh2 33. Nd6
Qe3 34. Ne8 Qe1+ 35. Qxe1 Bxe1 36. c5 Kf8 37. Nd6 Bg3 38. Nc4 Bc7 39. Bc6 Bd3
40. Nd2 Ke7 41. Nf3 f5 42. Nd4 e5 43. Bb5 Bxb5 44. Nxb5 Kd7 0-1